Obálka Náhled e-knihy:
Epub
Pro půjčování e-knih musíte být přihlášeni.
Jak si půjčit online?

Tma /

Katastrofický román navozuje situaci v Praze r. 1998 po celosvětovém výpadku elektrické energie.

Uloženo v:
Hlavní autor: Neff, Ondřej, 1945- (Autor)
Médium: E-kniha
Jazyk:Czech
Vydáno: Praha : Euromedia Group, 2023
Vydání:Vydání čtvrté, v Euromedia Group a.s. první
Témata:
Tagy:
Žádné tagy
LEADER 02316nam a2200421 i 4500
001 312176
003 CZ PrSKC
005 20260601215718.0
007 ta
008 231123s2023 xr g 000 f cze
015 |a cnb003525257 
020 |a 9788024293288  |q (vázáno) 
035 |a (OCoLC)1420608609 
040 |a ABG001  |b cze  |e rda 
072 7 |a 821.162.3-3  |x Česká próza  |2 Konspekt 
080 |a 821.162.3-31  |2 MRF 
080 |a (0:82-311.9)  |2 MRF 
100 1 |a Neff, Ondřej,  |d 1945-  |7 jk01082907  |4 aut 
245 1 0 |a Tma /  |c Ondřej Neff 
250 |a Vydání čtvrté, v Euromedia Group a.s. první 
264 1 |a Praha :  |b Euromedia Group,  |c 2023 
300 |a 462 stran ;  |c 21 cm 
336 |a text  |b txt  |2 rdacontent 
337 |a bez média  |b n  |2 rdamedia 
338 |a svazek  |b nc  |2 rdacarrier 
500 |a "Vydala Euromedia Group, a.s. v edici Laser"--Tiráž 
520 2 |a Katastrofický román navozuje situaci v Praze r. 1998 po celosvětovém výpadku elektrické energie.  |b Jednoho jarního pátečního odpoledne roku 1998 nastává celosvětová katastrofa, absolutní konec elektrické energie. Autor domýšlí do detailů, co taková situace dokáže udělat s Prahou, českým prostředím i českou vládnoucí elitou. Elektrické zdroje jsou neobnovitelné a zhrouceného života se naplno ujímá podsvětí. Hlavní hrdina, mladý muž Honza Kryl, musí nasadit všechny své síly, aby uhájil život svůj a svých blízkých. Ujímá se opuštěné dívenky s Downovým syndromem, aby brzy celý svět poznal, že právě v těchto dětech je ukryt klíč k řešení celé katastrofické situace. 
655 7 |a české romány  |7 fd133974  |2 czenas 
655 7 |a vědecko-fantastické romány  |7 fd133847  |2 czenas 
655 9 |a Czech fiction  |2 eczenas 
655 9 |a science fiction novels  |2 eczenas 
900 |a ABA001  |b 19 
928 9 |a Laser 
928 9 |a Euromedia Group - Laser 
044 |a xr 
910 |a RBIT002 
998 |d 390805  |a https://core.palmknihy.cz/api/books/390805/cover?s3jzsi  |b https://core.palmknihy.cz/api/books/390805/cover/400?s3jzsi  |c https://core.palmknihy.cz/api/books/390805/cover/50?s3jzsi  |e 2027-12-31  |g 464  |i 9788024293288  |j https://core.palmknihy.cz/api/books/390805/preview.epub  |l   |q 49  |r 1  |s https://www.palmknihy.cz/kniha/390805  |t ebook  |y 2023  |z 0 
999 |d 312174